| 000 | 01204nam a2200349 i 4500 | ||
|---|---|---|---|
| 001 | 196285 | ||
| 003 | ES-MaACL | ||
| 005 | 20240830063024.0 | ||
| 007 | ta | ||
| 008 | 240828s1985 fr 000 0 fre d | ||
| 020 | _a9782221046616 | ||
| 035 | _aRebiun02521303 | ||
| 040 |
_aES-MaCSI. _bspa. _cVL |
||
| 080 | 2 | _a929 Diderot,Denis | |
| 080 | 2 | _a1 Diderot,Denis | |
| 100 | 1 |
_aWilson, Arthur M. _9238625 |
|
| 245 | 1 | 0 |
_aDiderot : _bsa vie et son oeuvre / _cArthur M. Wilson. |
| 260 |
_aParis : _bLaffont-Ramsay, _c1985. |
||
| 300 |
_aXIVI, 810 p. ; _c20 cm |
||
| 336 |
_2rdacontent _atexto |
||
| 337 |
_2rdamedia _asin mediación |
||
| 338 |
_2rdacarrier _avolumen |
||
| 490 | 1 | _aBouquins | |
| 600 | 0 | 4 |
_aDiderot, Denis- _d1713-1784 _944512 _xCrítica e interpretación |
| 830 |
_9184870 _aBouquins |
||
| 852 |
_aES-MaACL _cDEPO1 _jA-15348 _hDonación: José Manuel Duarte Cendán _9203995 |
||
| 903 |
_9238529 _aDuarte Cendán, José Manuel _q1 _ednr |
||
| 942 |
_n0 _cMONOGRAFIA |
||
| 999 |
_c196285 _d196285 |
||